00730nam a2200193 a 450000100100000000500170001000800410002702000180006804000250008608200200011124501140013124600700024524600520031526000420036730000280040965000380043765000380047570000230051300002764920200930031005.0110404s2011 sp 000 0 spa d a9784849438578 aDO-SdBNPbspacBNPHU aR 463.21bN964s00aNuevo smart interactivo :bDiccionario español-inglés, english- spanish /cdirección Carlos de Gispert.30aSmart interactivo diccionario español-inglés, english-spanish30aDiccionario español-inglés, English-Spanish aBarcelona, España :bOceano,c2011. axiii, 1090 p. ;c26 cm. 4aEspañolxDiccionariosxInglés 4aInglésxDiccionariosxEspañol12aGispert, Carlos de